Business research methods / (Record no. 6124)

MARC details
000 -LEADER
fixed length control field 00597nam a22001817a 4500
005 - DATE AND TIME OF LATEST TRANSACTION
control field 20250217145659.0
008 - FIXED-LENGTH DATA ELEMENTS--GENERAL INFORMATION
fixed length control field 250217b |||||||| |||| 00| 0 eng d
020 ## - INTERNATIONAL STANDARD BOOK NUMBER
International Standard Book Number 9780198828778
040 ## - CATALOGING SOURCE
Transcribing agency None
082 ## - DEWEY DECIMAL CLASSIFICATION NUMBER
Classification number 650.072
Item number BEL
100 ## - MAIN ENTRY--PERSONAL NAME
Personal name Bell, Emma.
9 (RLIN) 14156
245 ## - TITLE STATEMENT
Title Business research methods /
Remainder of title Emma, Bell. Alan Bryman, and Bill Harley.
250 ## - EDITION STATEMENT
Edition statement Second International Edition.
260 ## - PUBLICATION, DISTRIBUTION, ETC.
Place of publication, distribution, etc. United Kingdom :
Name of publisher, distributor, etc. Oxford University Press,
Date of publication, distribution, etc. c 2019.
300 ## - PHYSICAL DESCRIPTION
Extent xxi, 487 p. :
Other physical details ill. ;
Dimensions 27 cm.
521 ## - TARGET AUDIENCE NOTE
Target audience note Includes Glossary, bibliographical references, and index.
942 ## - ADDED ENTRY ELEMENTS (KOHA)
Source of classification or shelving scheme Dewey Decimal Classification
Koha item type Books
Holdings
Withdrawn status Lost status Source of classification or shelving scheme Damaged status Not for loan Home library Current library Shelving location Date acquired Total Checkouts Full call number Barcode Date last seen Price effective from Koha item type
    Dewey Decimal Classification     Main Library Main Library Open Shelves 02/17/2025   650.072 BEL 2025-0842 02/17/2025 02/17/2025 Books
    Dewey Decimal Classification     Main Library Main Library Open Shelves 02/17/2025   650.072 BEL 2025-0843 02/17/2025 02/17/2025 Books
    Dewey Decimal Classification     Main Library Main Library Open Shelves 02/17/2025   650.072 BEL 2025-0844 02/17/2025 02/17/2025 Books

Lira University Library | Lira University P.O Box 1035 Lira, Uganda
Tel : +256471660489 E-mail : library@lirauni.ac.ug